Domestic energy fact file : owner occupied homes. (Record no. 101464)

MARC details
000 -LEADER
fixed length control field 00824cam a2200301 4500
008 - FIXED-LENGTH DATA ELEMENTS--GENERAL INFORMATION
fixed length control field 000000n2000 000 0 eng u
020 ## - INTERNATIONAL STANDARD BOOK NUMBER
International Standard Book Number 1860814484
035 ## - SYSTEM CONTROL NUMBER
System control number (Sirsi) u112736
041 ## - LANGUAGE CODE
Language code of text/sound track or separate title eng
050 ## - LIBRARY OF CONGRESS CALL NUMBER
Classification number 333.70212
100 ## - MAIN ENTRY--PERSONAL NAME
Personal name Walters, G.A.
110 ## - MAIN ENTRY--CORPORATE NAME
Corporate name or jurisdiction name as entry element Building Research Establishment
245 ## - TITLE STATEMENT
Title Domestic energy fact file : owner occupied homes.
250 ## - EDITION STATEMENT
Edition statement Revised ed.
260 ## - PUBLICATION, DISTRIBUTION, ETC.
Place of publication, distribution, etc. London
Name of publisher, distributor, etc. CRC Ltd.
Date of publication, distribution, etc. 2000
300 ## - PHYSICAL DESCRIPTION
Extent 23p. ; 30cm.
350 ## - PRICE (NR) (BK AM CF MU VM SE) [OBSOLETE]
Price 26.25
490 ## - SERIES STATEMENT
Series statement BR
Volume/sequential designation 408
520 ## - SUMMARY, ETC.
Summary, etc. Companion volume to Domestic Energy Fact File 1998 q.v.
650 ## - SUBJECT ADDED ENTRY--TOPICAL TERM
Topical term or geographic name entry element ENERGY CONSUMPTION
650 ## - SUBJECT ADDED ENTRY--TOPICAL TERM
Topical term or geographic name entry element DWELLINGS
650 ## - SUBJECT ADDED ENTRY--TOPICAL TERM
Topical term or geographic name entry element INSULATION
650 ## - SUBJECT ADDED ENTRY--TOPICAL TERM
Topical term or geographic name entry element STATISTICS
690 ## - LOCAL SUBJECT ADDED ENTRY--TOPICAL TERM (OCLC, RLIN)
Topical term or geographic name as entry element ENVIRONMENTAL AND LAND CONSULTANCY-ENERGY
700 ## - ADDED ENTRY--PERSONAL NAME
Personal name Kempson, I.
700 ## - ADDED ENTRY--PERSONAL NAME
Personal name Shorrock, L. D.
942 ## - ADDED ENTRY ELEMENTS (KOHA)
Suppress in OPAC 0
Holdings
Withdrawn status Lost status Source of classification or shelving scheme Damaged status Not for loan Home library Current library Shelving location Date acquired Cost, normal purchase price Total Checkouts Full call number Barcode Date last seen Copy number Cost, replacement price Price effective from Koha item type
    Other/Generic Classification Scheme     London London Folio 23/05/2001 26.25   F333.70212 WAL 30064299 06/08/2019 1 26.25 06/08/2019 Book